Central Library OPAC University of Rajshahi

Money, income, and wealth : (Record no. 4430)

MARC details
000 -LEADER
fixed length control field 00747nam a2200253 i 4500
001 - CONTROL NUMBER
control field 4430
003 - CONTROL NUMBER IDENTIFIER
rucl marc code BD-RjUL
005 - DATE AND TIME OF LATEST TRANSACTION
control field 20211208233906.0
008 - FIXED-LENGTH DATA ELEMENTS--GENERAL INFORMATION
fixed length control field 131222r1982 mau b 001 0 eng d
020 ## - INTERNATIONAL STANDARD BOOK NUMBER
International Standard Book Number 0669957941
035 ## - SYSTEM CONTROL NUMBER
System control number (BD-RjUL)4465
040 ## - CATALOGING SOURCE
Original cataloging agency DLC
Transcribing agency DLC
Modifying agency DLC
-- (BD-RjUL)
Language of cataloging eng
041 ## - LANGUAGE CODE
Language code of text/sound track or separate title eng
082 00 - DEWEY DECIMAL CLASSIFICATION NUMBER
Classification number 339
Author mark and year MOM
100 1# - MAIN ENTRY--PERSONAL NAME
Personal name Motley, Brian.
9 (RLIN) 14007
245 10 - TITLE STATEMENT
Title Money, income, and wealth :
Remainder of title the macroeconomics of a monetary economy /
Statement of responsibility, etc. Brian Motley.
260 ## - PUBLICATION, DISTRIBUTION, ETC. (IMPRINT)
Place of publication, distribution, etc. Lexington, Mass. :
Name of publisher, distributor, etc. Heath,
Date of publication, distribution, etc. c1977. [Reprent 1982]
300 ## - PHYSICAL DESCRIPTION
Pagination xii, 402 p. :
Illustrations ill. ;
Size 25 cm.
504 ## - BIBLIOGRAPHY, ETC. NOTE
Bibliography, etc Includes bibliographies and index.
650 #0 - SUBJECT ADDED ENTRY--TOPICAL TERM
Topical term or geographic name as entry element Macroeconomics.
9 (RLIN) 14008
Topical term or geographic name as entry element Money.
9 (RLIN) 14009
942 ## - ADDED ENTRY ELEMENTS (KOHA)
Source of classification or shelving scheme Dewey Decimal Classification
Koha item type Books
Holdings
Lost status Source of classification or shelving scheme Damaged status Not for loan Collection code Permanent Location Current Location Shelving location Date acquired Source of acquisition Cost, normal purchase price Total Checkouts Full call number Date last seen Copy number Koha item type
  Dewey Decimal Classification     Non-fiction Central Library, University of Rajshahi Central Library, University of Rajshahi   19/08/1984 A.B.A Cal. 30.00   339 MOM 1982 22/12/2013 C-5 Books
  Dewey Decimal Classification     Non-fiction Central Library, University of Rajshahi Central Library, University of Rajshahi   19/08/1984 A.B. A. Cal. 30.00   339 MOM 1982 25/06/2016 C-2 Books
  Dewey Decimal Classification     Non-fiction Central Library, University of Rajshahi Central Library, University of Rajshahi   19/08/1984 A.B. A. Cal. 30.00   339 MOM 1982 25/06/2016 C-3 Books
  Dewey Decimal Classification     Non-fiction Central Library, University of Rajshahi Central Library, University of Rajshahi   19/08/1984 A.B. A. Cal. 30.00   339 MOM 1982 25/06/2016 C-4 Books
  Dewey Decimal Classification   Not For Loan Non-fiction Central Library, University of Rajshahi Central Library, University of Rajshahi Reading Room 19/08/1984 A.B.A. through Tulip, Dhaka 30.00   339 MOM 1982 20/12/2016 C-1 Books